000 01710cam a22004334i 4500
003 PE-LiUPU
005 20250731173216.0
008 150625s r 000 0 d
035 _a(Sirsi) a33079
040 _aPE-LiUPU
_bspa
_cPE-LiUPU
_erda
082 0 4 _a225
_bB46
_221
130 _aBiblia.
_pN.T.
_lGriego-Ingles.
245 1 4 _aThe emphatic Diaglott :
_bcontaining the original Greek text of what is commonly styled the New Testament (according to the recension of J.J. Griesbach) with an interlineary word for word English translation : a new emphatic version .. to the whole of which is added a valuable alphabetical appendix /
_cpor Benjamin Wilson.
264 1 _aNew York :
_bInternational Bible Students Association : Watch Tower Bible and Tract Society,
_c1942.
300 _a923 páginas ;
_c17 cm.
336 _atext
_2rdacontent
337 _aunmediated
_2rdamedia
338 _avolume
_2rdacarrier
505 0 _aNuevo Testamento.
526 _aSEG42
526 _aSEG41
526 _aSEG40
526 _aSEG39
526 _aP94
526 _aP87
526 _aP86
526 _aP85
526 _aP77
526 _aP76
526 _aP35
630 _aBiblia.
_pN.T.
_xTraducciones Interlineares.
700 1 _aWilson, Benjamin,
_d1817 .
910 _a
942 _2ddc
_cBOOK
949 _a225 B46
_wDEWEY
_c1
_i09785
_lCCODEBUL1
_mBUL
_p00.00
_r0
_sY
_tBOOK
_u2015-06-25
_xBIBLIOTECA
_zUNKNOWN
_0COMPRA
_o.STAFF. Colección General
596 _a1
999 _a225 B46
_wDEWEY
_c40801
_i09785
_d40801
_e2016-4-5
_f2021-11-11
_g5
_lCCODEBUL1
_mBUL
_n1
_r0
_sY
_tBOOK
_u2015-6-25
_xTEOLOGIA
_zUNKNOWN
_0COMPRA
_o.STAFF. Colección General
980 _81
_gALBERTO SANCHEZ Responsable de Automatización